21 năm viện trợ Mỹ ở Việt Nam /

Spremljeno u:
Bibliografski detalji
Glavni autor: Đặng Phong
Format: Sách giấy
Jezik:Vietnamese
Izdano: Hà Nội : Viện nghiên cứu khoa học thị trường giá cả , 1991
Oznake: Dodaj oznaku
Bez oznaka, Budi prvi tko označuje ovaj zapis!
Thư viện lưu trữ: Thư viện Trường Đại học Đà Lạt
LEADER 00642nam a2200253 4500
001 DLU020012271
005 ##5/23/2000
020 # # |a 978- 
041 # # |a vie 
082 # # |a 959.704 373  |b DA-P 
090 # # |a 959.704 373  |b DA-P 
100 # # |a Đặng Phong 
245 # # |a 21 năm viện trợ Mỹ ở Việt Nam /  |c Đặng Phong 
260 # # |a Hà Nội :  |b Viện nghiên cứu khoa học thị trường giá cả ,  |c 1991 
300 # # |a 186 tr.;   |c 19 cm. 
992 # # |a 5520 
994 # # |a DLU 
900 # # |a False 
911 # # |a Administrator 
925 # # |a G 
926 # # |a A 
927 # # |a SH 
980 # # |a Thư viện Trường Đại học Đà Lạt